000 00558nam a2200217Ia 4500
003 OSt
005 20220924133409.0
006 a|||||r|||| 00| 0
007 ta
008 220923b |||||||| |||| 00| 0 snd d
024 _a265109
037 _cTextual
040 _aARTS
_cARTS
_bsnd
041 _2snd
_asnd
082 _aL:57, 1593J9
100 _aChabadhiya Bhojraju Au.
_9206326
245 0 _aBina dawa tandurusati
260 _c1959
942 _hL:57, 1593J9
_cTEXL
_2CC
999 _c433651
_d433651